Responses for Show #6933 - Wednesday, November 5, 2014

Contestants

[<< previous game]

Hillary Huttenhower, a materials engineer from Manchester, Connecticut

Aric Wiest, a curator from Kansas City, Missouri

Caitlin Malcuit, a writer and editor from North Reading, Massachusetts (whose 1-day cash winnings total $12,200)

[next game >>]

Jeopardy! Round responses

EYEBROW-BEATING YOU
TV
"I" LAND HOPPING
LITERARY TERMS
RHYME TIME
TASTY ITALIANS
    $200 19
Bert

Caitlin
    $200 1
House of Cards

Hillary
    $200 6
Iran

Caitlin
    $200 8
cliché

Caitlin
    $200 12
"Pronto, Tonto"

Hillary
    $200 17
Alfredo

Aric
    $400 20
Groucho Marx

Caitlin
    $400 2
Scandal

Hillary
    $400 7
Iceland

Hillary
    $400 22
irony

Aric
    $400 13
a Greek geek

Hillary
    $400 18
Eat, Pray, Love

Hillary
    $600 21
Andy Rooney

Triple Stumper
    $600 3
Keri Russell

Hillary
    $600 9
Indonesia

Hillary
    $600 26
epic

Aric
    $600 14
a Dallas palace

Aric
    $600 23
cycling

Triple Stumper
    $800 24
Frida Kahlo

Caitlin
    $800 4
Hannibal

Hillary
    $800 10
India

Aric
    $1,300 27
(Aric: What is folly?)

satire

Aric
    $800 15
(Aric: What is a... ah...)
(Alex: Oh, you took too much time.)

a fragrant vagrant

CaitlinAric
    $800 29
the Valentine's Day Massacre

Caitlin
    $1000 25
Brezhnev

Aric
    $1000 5
[Applause for Hilary's run of the category]
(Alex: You've been spending a lot of time watching television and today it pays off.)

London

Hillary
    $1000 11
Iraq

Triple Stumper
    $1000 28
foreshadowing

Aric
    $1000 16
botany monotony

Aric
    $1000 30
gnocchi

Aric

Scores at the first commercial break (after clue 16):

Caitlin Aric Hillary
$1,200 $1,600 $4,600

Scores at the end of the Jeopardy! Round:

Caitlin Aric Hillary
$3,400 $4,500 $5,000

Double Jeopardy! Round responses

WORDS FROM THE TECH WORLD
FILMS OF THE 1950s
HISTORICAL QUOTATIONS
BALLET
THE NATIONAL PARK SYSTEM
HEY, "DJ"
    $400 11
an avatar

Aric
    $400 1
High Noon

Triple Stumper
    $400 10
Columbus

Hillary
    $400 16
pointe

Hillary
    $400 8
(Aric: What are blankets?)

rugs

Aric
Triple Stumper
    $400 3
adjoining (or adjacent)

Hillary
    $800 12
bandwidth

Hillary
    $800 2
North by Northwest

Hillary
    $800 22
(Ulysses) Grant

Aric
    $800 17
Swan Lake

Hillary
    $800 9
(Caitlin: What is Death Valley?)
(Aric: What's the Sonoran Desert?)

the Painted Desert

CaitlinAric
Triple Stumper
    $800 4
adjustable

Aric
    $1200 19
(Hillary: What is bypass?)
(Aric: What's an end around?)

a workaround

AricHillary
Triple Stumper
    $1200 13
Glenn Miller

Hillary
    $2,000 23
(Aric: Friar Tuck? Who is Friar Tuck?)
...
(Alex: We have a minute to go.)

Thomas Becket

Aric
    $1200 18
(Caitlin: Who is Alexander... ooh...)
(Alex: Oh, too much time.)

Alexander Godunov

Caitlin
Triple Stumper
    $1200 5
a windjammer

Triple Stumper
    $1600 20
life hacking

Aric
    $1600 14
Dean Martin and (Jerry) Lewis

Hillary
    $1600 24
Mussolini

Aric
    $1600 28
[The end-of-round signal sounds.]

La sylphide

Triple Stumper
    $1600 6
Djibouti

Aric
    $3,000 21
interface

Aric
    $2000 15
The Greatest Show on Earth

Hillary
    $2000 25
Pericles

Triple Stumper
    $2000 27
the corps de ballet

Hillary
    $2000 26
Shenandoah

Hillary
    $2000 7
Bemidji

Triple Stumper

Scores at the end of the Double Jeopardy! Round:

Caitlin Aric Hillary
$1,400 $9,900 $16,200

[wagering suggestions for these scores]

Final Jeopardy! Round responses

ARTISTS
CaitlinWho is Caldicot?
$1,400
AricWho is Caldecott?
$6,301
HillaryWho is Caldecott?
$3,601
(Randolph) Caldecott

Final scores:

Caitlin Aric Hillary
$2,800 $16,201 $19,801
3rd place: $1,000 2nd place: $2,000 New champion: $19,801

Game dynamics:

Coryat scores:

Caitlin Aric Hillary
$1,400 $12,200 $16,200
7 R,
2 W
16 R
(including 1 DD),
6 W
(including 2 DDs)
21 R,
1 W

Combined Coryat: $29,800

[game clues] [game scores] [suggest correction]

Game tape date: 2014-08-13
The J! Archive is created by fans, for fans. Scraping, republication, monetization, and malicious use prohibited; this site may use cookies and collect identifying information. See terms. The Jeopardy! game show and all elements thereof, including but not limited to copyright and trademark thereto, are the property of Jeopardy Productions, Inc. and are protected under law. This website is not affiliated with, sponsored by, or operated by Jeopardy Productions, Inc. Join the discussion at JBoard.tv.